000 00677nam a2200241Ia 4500
003 IT-RoPAU
008 120407s9999 xx 000 0 und d
040 _aIT-RoPAU
040 _cIT-RoPAU
041 _aita
100 _aMaurice Reuchlin
245 _aLa psicologia differenziale...
250 _aRoma
260 _aEdizioni Paoline
260 _c1971
300 _a270 p.
300 _c18 cm
490 _aPsicologia . N. S.
490 _v26
600 _a"Tit. orig.: La psicologie différentielle Trad. A. Messori 1 - Psicologia differnziale I - Messori , Alcide 155 BNI 72-13243 "
942 _cBK
999 _c31024
_d31024